00271nam a2200109Ia 4500008004100000082001000041100001600051245002400067260002200091630002400113730002400137100328s9999 xx 000 0 und d b20890 aMarquis Max aThe Traitor Machine bHamlyn Peperbacks aThe Traitor Machine aThe Traitor Machine